| 000 | 00630nam a2200205 i 4500 | ||
|---|---|---|---|
| 001 | 123502 | ||
| 003 | ES-MaACL | ||
| 005 | 20250822063202.0 | ||
| 007 | t| | ||
| 008 | 070214s1949 sp r ||||1| spa d | ||
| 100 | 1 |
_aRàfols, Josep F., _d1889-1965 _9132216 |
|
| 245 | 1 | 0 |
_aModernismo y modernistas / _cpor J. F. Ráfols. |
| 250 | _a1ª ed. | ||
| 260 |
_aBarcelona : _bDestino, _c1949. |
||
| 300 |
_a450 p., 54 lám. : _bil. ; _c28 cm. |
||
| 650 | 4 |
_aArte modernista- _zCataluña. _9170383 |
|
| 650 | 0 | 4 |
_aModernismo (Literatura)- _zCataluña. _915131 |
| 852 |
_aES-MaACL _jB-811 _bR.29130 |
||
| 999 |
_c123502 _d123502 |
||